Municipios de la Hoya de Buñol/Foia de Buñol - Estadísticas

Estadísticas generales
  • Esta prueba ha sido intentada 268 veces
  • La puntuación promedio es 6 de 9
Respuestas en el mapa
Las respuestas están codificadas por una escala verde-roja en el mapa de la prueba según el % correcto abajo.
 
Estadísticas de respuestas
Respuesta % Correcto
Buñol
99%
Chiva
88%
Cheste
86%
Sieteaguas
69%
Dosaguas
66%
Yátova
56%
Godelleta
55%
Alborache
54%
Macastre
52%
No se encontraron pruebas coincidentes
Distribución de puntuación
Porcentaje de gente con cada puntuación
Porcentaje por número respondido
Historial de tus puntuaciones
No has intentado esta prueba.